000 00452cam a2200157 4500500
005 20251012032502.0
041 _afre
042 _adc
100 1 0 _aSissa, Giulia
_eauthor
700 1 0 _a Baladier, Charles
_eauthor
245 0 0 _aCosì san tutte
260 _c2000.
500 _a22
786 0 _nSigila | 6 | 2 | 2000-12-20 | p. 11-16 | 1286-1715
856 4 1 _uhttps://shs.cairn.info/revue-sigila-2000-2-page-11?lang=fr&redirect-ssocas=7080
999 _c1547435
_d1547435